000 00610nam a22002057a 4500
005 20251108173257.0
008 250721s2006 xx 000 0 ara d
082 1 4 _a211.94133/سوي
100 1 _aسويدان، مالك
245 1 0 _aأسماء البنين والبنات في القرآن الكريم /
264 1 _aعمان :
_bدار اليراع للنشر والتوزيع،
_c2006.
300 _a148 ص.
650 1 7 _aالأسماء
650 1 7 _aالاشخاص
650 1 7 _aالتاريخ
650 1 7 _aالقرآن
650 1 7 _aالإسلام
942 _2ddc
_cBK
999 _c100170
_d100170